<?xml version="1.0" encoding="UTF-8"?>
<collection xmlns="http://www.loc.gov/MARC21/slim">
 <record>
  <leader>01537nam a22002417a 4500</leader>
  <controlfield tag="001">NCT_4_010891</controlfield>
  <controlfield tag="008">240618b        xxu||||| |||| 00| 0 vie d</controlfield>
  <datafield tag="999" ind1=" " ind2=" ">
   <subfield code="c">8495</subfield>
   <subfield code="d">8495</subfield>
  </datafield>
  <datafield tag="020" ind1=" " ind2=" ">
   <subfield code="a">9786043655834</subfield>
   <subfield code="c">118000</subfield>
  </datafield>
  <datafield tag="082" ind1="0" ind2="4">
   <subfield code="2">23rd ed.</subfield>
   <subfield code="a">649.1</subfield>
   <subfield code="b">S555</subfield>
  </datafield>
  <datafield tag="100" ind1="1" ind2=" ">
   <subfield code="a">Shichida, Makoto</subfield>
  </datafield>
  <datafield tag="245" ind1="1" ind2="0">
   <subfield code="a">Bí ẩn của não phải - Mỗi đứa trẻ là một thiên tài</subfield>
   <subfield code="c">Makoto Shichida; Nguyễn Hương Mai (dịch)</subfield>
  </datafield>
  <datafield tag="250" ind1=" " ind2=" ">
   <subfield code="a">Tái bản lần thứ 7</subfield>
  </datafield>
  <datafield tag="260" ind1=" " ind2=" ">
   <subfield code="a">H.</subfield>
   <subfield code="b">Thế giới </subfield>
   <subfield code="c">2022</subfield>
  </datafield>
  <datafield tag="300" ind1=" " ind2=" ">
   <subfield code="a">222 tr.</subfield>
   <subfield code="b">hình vẽ</subfield>
   <subfield code="c">21cm</subfield>
  </datafield>
  <datafield tag="520" ind1="3" ind2=" ">
   <subfield code="a">Sách hướng dẫn các bậc cha mẹ cách nuôi dạy trẻ phát triển tư duy, tìm hiểu năng lực tiềm ẩn của não phải, những kỹ năng trí tuệ quan trọng như tưởng tượng, trực giác, ghi nhớ, tính toán, ngôn ngữ... của não phải.</subfield>
  </datafield>
  <datafield tag="653" ind1=" " ind2=" ">
   <subfield code="a">Tham khảo</subfield>
  </datafield>
  <datafield tag="700" ind1="1" ind2=" ">
   <subfield code="a">Nguyễn Hương Mai</subfield>
   <subfield code="e">Dịch</subfield>
  </datafield>
  <datafield tag="942" ind1=" " ind2=" ">
   <subfield code="2">ddc</subfield>
   <subfield code="c">BK</subfield>
  </datafield>
  <datafield tag="952" ind1=" " ind2=" ">
   <subfield code="0">0</subfield>
   <subfield code="1">0</subfield>
   <subfield code="2">ddc</subfield>
   <subfield code="4">0</subfield>
   <subfield code="6">649_100000000000000_S555</subfield>
   <subfield code="7">0</subfield>
   <subfield code="9">29183</subfield>
   <subfield code="a">000001</subfield>
   <subfield code="b">000001</subfield>
   <subfield code="d">2024-06-18</subfield>
   <subfield code="o">649.1 S555</subfield>
   <subfield code="p">TK.04398</subfield>
   <subfield code="r">2024-06-18</subfield>
   <subfield code="v">118000.00</subfield>
   <subfield code="w">2024-06-18</subfield>
   <subfield code="y">BK</subfield>
  </datafield>
  <datafield tag="952" ind1=" " ind2=" ">
   <subfield code="0">0</subfield>
   <subfield code="1">0</subfield>
   <subfield code="2">ddc</subfield>
   <subfield code="4">0</subfield>
   <subfield code="6">649_100000000000000_S555</subfield>
   <subfield code="7">0</subfield>
   <subfield code="9">29184</subfield>
   <subfield code="a">000001</subfield>
   <subfield code="b">000001</subfield>
   <subfield code="d">2024-06-18</subfield>
   <subfield code="o">649.1 S555</subfield>
   <subfield code="p">TK.04399</subfield>
   <subfield code="r">2024-06-18</subfield>
   <subfield code="v">118000.00</subfield>
   <subfield code="w">2024-06-18</subfield>
   <subfield code="y">BK</subfield>
  </datafield>
  <datafield tag="952" ind1=" " ind2=" ">
   <subfield code="0">0</subfield>
   <subfield code="1">0</subfield>
   <subfield code="2">ddc</subfield>
   <subfield code="4">0</subfield>
   <subfield code="6">649_100000000000000_S555</subfield>
   <subfield code="7">0</subfield>
   <subfield code="9">29185</subfield>
   <subfield code="a">000001</subfield>
   <subfield code="b">000001</subfield>
   <subfield code="d">2024-06-18</subfield>
   <subfield code="l">1</subfield>
   <subfield code="o">649.1 S555</subfield>
   <subfield code="p">TK.04400</subfield>
   <subfield code="q">2025-12-19</subfield>
   <subfield code="r">2025-12-05</subfield>
   <subfield code="s">2025-12-05</subfield>
   <subfield code="v">118000.00</subfield>
   <subfield code="w">2024-06-18</subfield>
   <subfield code="y">BK</subfield>
  </datafield>
  <datafield tag="980" ind1=" " ind2=" ">
   <subfield code="a">Thư viện Trường Đại học Nam Cần Thơ</subfield>
  </datafield>
 </record>
</collection>
